000 00379nam a2200133Ia 4500
008 100328s9999 xx 000 0 und d
082 _b30143
100 _aगोरे ना. ग.
245 _aआपली संसद
260 _bमॅक्मीलन आणि कं
630 _aआपली संसद
730 _aआपली संसद
942 _cBOOK
999 _c521127
_d521124